000 01064nam a22003017a 4500
001 6079
003 FISKH
005 20250307133215.0
008 250307b cb ||||| |||| 00| 0 eng d
020 _a9780439218900
040 _aFISKH
_beng
_cFISKH
_dFISKH
050 _aPZ7.T7327 E
082 _a544
100 _aTrevino, De Borton Elizabeth
_d(1904–2001)
245 _aEl Guero :
_bA true adventure story /
_cElizabeth Borton de Trevino ; Pictures by Leslie W.Bowman
250 _aThis edition first published in 1989
260 _aNew York :
_bScholastic,
_c1989.
300 _a102 pages :
_billustrations ;
_c20 cm
505 _aW
520 _aHis father's loyalty to the Mexican president deposed by Porfirio Diaz in 1876 forces a boy known as El Güero and his family into exile to the dangerous Baja California territory.
521 8 _a860
_bLexile
521 8 _aW
_bRaz-Plus
650 _2California
_a19th century
650 _2Family
_aFiction
700 _aW.Bowman, Leslie
_dillustrator
942 _2ddc
_cBK
_n0
999 _c6079
_d6079